| 000 | 00498nam a2200169Ia 4500 | ||
|---|---|---|---|
| 001 | 20942 | ||
| 003 | IN-NITTTR | ||
| 005 | 20251114233239.0 | ||
| 008 | 251113s9999||||xx |||||||||||||| ||eng|| | ||
| 040 | _beng | ||
| 040 | _cIN-NITTTR | ||
| 041 | _aeng | ||
| 082 | _a624.183 P946 | ||
| 100 | _aJeffrey W. Green, | ||
| 245 | 0 |
_aProtection of concrete. Proceedings of the international confrence, held at the University of Dundee, Scotland 11-13 September1990 / _cJeffrey W. Green |
|
| 942 |
_2ddc _cBK |
||
| 999 |
_c23572 _d23572 |
||